000 00787nam a2200241Ia 4500
003 OSt
005 20220930192701.0
006 a|||||r|||| 00| 0
007 ta
008 220926b |||||||| |||| 00| 0 eng d
024 _a10495
037 _cDissertations
040 _aCRL
_cCRL
_beng
041 _2eng
_aeng
100 _aJoseph Catherine
_9561491
110 _aUniversity of Delhi. Faculty of Arts. Department of Psychology
_9169788
245 0 _aTo study the effect of music on the behavioural organization of albino rats using the operats conditioning techniques
260 _c1977
650 _aPSYCHOLOGY
700 _aUniversity of Delhi. Faculty of Arts. Department of Psychology
_9169789
942 _cDIS
_2CC
999 _c895491
_d895491